000 00750nam a2200289 a 4500
001 35260
003 AR-BaAGN
005 20231222142726.0
007 ta
008 220625s1994 ag |||||r|||| ||||||spa d
020 _a950-9807-03-6
040 _dAR-BaAGN
_aAR-BaAGN
_bspa
_eaacr
100 1 _aEspaña, Claudio
245 1 0 _aCine argentino en democracia :
_b1983-1993
250 _a1ª ed.
260 _aBuenos Aires :
_bFondo Nacional de las Artes,
_c1994.
300 _a351 páginas :
_bilustraciones
336 _2rdacontent
_btxt
337 _2rdamedia
_bn
338 _2rdacarrier
_bnc
650 4 _aCINE
_91493
650 4 _aPOLÍTICA
_92164
651 4 _aArgentina
_93645
942 _cLIBRO
999 _c35260
_d35260